[Event "AUT-ch"]
[Site "Graz"]
[Date "2017.08.16"]
[Round "5"]
[White "Schachinger, Mario"]
[Black "Frank, Paul"]
[Result "1/2-1/2"]
[WhiteElo "2420"]
[BlackElo "2180"]
[PlyCount "121"]
[EventDate "2017.08.12"]
[EventType "swiss"]
[EventRounds "9"]
[EventCountry "AUT"]
[SourceTitle "CBM 180 Extra"]
[Source "ChessBase"]
[SourceDate "2017.10.06"]
[SourceVersion "1"]
[SourceVersionDate "2017.10.06"]
[SourceQuality "1"]

1. Nf3 Nf6 2. g3 g6 3. b3 Bg7 4. Bb2 0-0 5. Bg2 c5 6. c4 d5 7. cxd5 Nxd5 8. Bxg7 Kxg7 9. Nc3 Nxc3 10. dxc3 Qa5 11. Qc1 Nc6 12. 0-0 Rd8 13. Qe3 Rd6 14. Ng5 Be6 15. Ne4 Rd5 16. c4 Rd4 17. Ng5 Rd6 18. Bxc6 Rxc6 19. Rfd1 Qc7 20. Rd2 Bf5 21. Qc3+ f6 22. Rad1 h6 23. Qe3 Re8 24. Nf3 g5 25. h4 Kf7 26. Rd5 Qc8 27. b4 Qe6 28. Rxc5 Qxe3 29. fxe3 Rxc5 30. bxc5 Rc8 31. Nd4 Be4 32. Nb3 gxh4 33. Rd4 f5 34. gxh4 Rg8+ 35. Kf2 Rg2+ 36. Ke1 Rh2 37. Na5 Rxh4 38. Rd7 Ke8 39. Rd2 Rh1+ 40. Kf2 Rb1 41. Nb3 h5 42. Nd4 Rc1 43. Ne6 Rxc4 44. Rd8+ Kf7 45. Ng5+ Kf6 46. Nxe4+ Rxe4 47. Rb8 Ra4 48. Rxb7 Rxa2 49. c6 Rc2 50. c7 a5 51. Ra7 a4 52. e4 fxe4 53. Ke3 Kf5 54. Kd4 h4 55. Ra5+ Ke6 56. Rxa4 Rxc7 57. Kxe4 Kf6 58. Kf3 Kg5 59. Ra5+ Kg6 60. Ra4 Kg5 61. Ra5+ 1/2-1/2

[Event "AUT-ch"]
[Site "Graz"]
[Date "2017.08.15"]
[Round "4"]
[White "Frank, Paul"]
[Black "Wallner, Dieter"]
[Result "1-0"]
[WhiteElo "2180"]
[BlackElo "2082"]
[PlyCount "87"]
[EventDate "2017.08.12"]
[EventType "swiss"]
[EventRounds "9"]
[EventCountry "AUT"]
[SourceTitle "CBM 180 Extra"]
[Source "ChessBase"]
[SourceDate "2017.10.06"]
[SourceVersion "1"]
[SourceVersionDate "2017.10.06"]
[SourceQuality "1"]

1. Nf3 d5 2. g3 Bg4 3. Bg2 Nd7 4. d4 e6 5. Nbd2 f5 6. 0-0 Bd6 7. a4 Ngf6 8. c4 c6 9. c5 Bc7 10. b4 0-0 11. Nb3 Qe8 12. Ne1 f4 13. Bxf4 Bxf4 14. gxf4 Qh5 15. f3 Bh3 16. Rf2 Qh4 17. e3 Kh8 18. Bxh3 Qxh3 19. Rg2 Rf7 20. Raa2 Nh5 21. Nd3 Rg8 22. Rg4 Nhf6 23. Rg3 Qh6 24. Rag2 g6 25. Na5 Nh5 26. Rg5 Ndf6 27. Ne5 Re7 28. Qd3 a6 29. b5 axb5 30. axb5 cxb5 31. Qxb5 Qf8 32. Nxb7 Qa8 33. Rb2 Qa1+ 34. Kf2 Rf8 35. Rg1 Qa3 36. Qb4 Qa8 37. c6 Rg7 38. h4 Rb8 39. Rc1 Rc8 40. Nd6 Rcc7 41. Qb8+ Qxb8 42. Rxb8+ Rg8 43. Rb7 Rgg7 44. Nef7+ 1-0

[Event "AUT-ch"]
[Site "Graz"]
[Date "2017.08.12"]
[Round "1"]
[White "Diermair, Andreas"]
[Black "Frank, Paul"]
[Result "1-0"]
[WhiteElo "2475"]
[BlackElo "2180"]
[PlyCount "83"]
[EventDate "2017.08.12"]
[EventType "swiss"]
[EventRounds "9"]
[EventCountry "AUT"]
[SourceTitle "CBM 180 Extra"]
[Source "ChessBase"]
[SourceDate "2017.10.06"]
[SourceVersion "1"]
[SourceVersionDate "2017.10.06"]
[SourceQuality "1"]

1. c4 Nf6 2. Nc3 d5 3. cxd5 Nxd5 4. g3 g6 5. Bg2 Nb6 6. d3 Bg7 7. Be3 Nc6 8. Qd2 Nd4 9. Rc1 Nf5 10. Bc5 0-0 11. Nf3 Re8 12. 0-0 c6 13. Rc2 Nd7 14. Ba3 Ne5 15. Nxe5 Bxe5 16. e3 Qa5 17. Qc1 Be6 18. d4 Bd6 19. Bxd6 Nxd6 20. b3 Qh5 21. Ne2 Qa5 22. Qb2 Bf5 23. Rc5 Qd8 24. Re1 Ne4 25. Rcc1 Nf6 26. Red1 Rc8 27. b4 Rc7 28. Nc3 Bg4 29. Rd2 Qd7 30. Na4 Rd8 31. Nc5 Qf5 32. f3 Bh3 33. g4 Bxg4 34. fxg4 Nxg4 35. Re2 Qh5 36. h3 Nf6 37. Rf2 Qg5 38. Re1 Qg3 39. Qe2 b6 40. Nd3 Rd5 41. Qf3 Qh4 42. Qf4 1-0

[Event "St Veit op 36th"]
[Site "St Veit"]
[Date "2017.07.11"]
[Round "5"]
[White "Frank, Paul"]
[Black "Tomitz, Hermann"]
[Result "1-0"]
[WhiteElo "2182"]
[BlackElo "2010"]
[PlyCount "87"]
[EventDate "2017.07.08"]
[EventType "swiss"]
[EventRounds "9"]
[EventCountry "AUT"]
[SourceTitle "EXT 2018"]
[Source "ChessBase"]
[SourceDate "2017.10.13"]
[SourceVersion "1"]
[SourceVersionDate "2017.10.13"]
[SourceQuality "1"]

1. Nf3 Nf6 2. g3 g6 3. Bg2 Bg7 4. 0-0 0-0 5. d4 d6 6. c4 c6 7. Nc3 Bf5 8. Be3 Ne4 9. Nxe4 Bxe4 10. Qd2 a5 11. Bh3 Bxf3 12. exf3 b5 13. Rac1 Nd7 14. f4 Nb6 15. b3 bxc4 16. bxc4 d5 17. c5 Nc4 18. Qc3 e6 19. Rb1 Qc7 20. Rb3 Rfb8 21. Rfb1 a4 22. Rb4 a3 23. R1b3 Rxb4 24. Qxb4 Qa5 25. Bf1 Qxb4 26. Rxb4 Nb2 27. Be2 Bf6 28. Rb6 Na4 29. Rb3 Nb2 30. Rb6 Na4 31. Rb3 Nb2 32. Rb6 Na4 33. Rb3 Nb2 34. g4 Ra4 35. Rb6 Bxd4 36. Rxc6 Bxe3 37. fxe3 Nc4 38. Rc8+ Kg7 39. c6 Kf6 40. Rb8 Ra7 41. g5+ Kg7 42. Bxc4 dxc4 43. Rb4 Kf8 44. Rb7 1-0

[Event "AUT-chT2M 1516"]
[Site "Austria"]
[Date "2016.02.27"]
[Round "7.5"]
[White "Frank, Paul"]
[Black "Horvath, Adam"]
[Result "0-1"]
[WhiteElo "2223"]
[BlackElo "2535"]
[PlyCount "108"]
[EventDate "2015.10.02"]
[EventType "team-tourn"]
[EventRounds "11"]
[EventCountry "AUT"]
[SourceTitle "EXT 2017"]
[Source "ChessBase"]
[SourceDate "2016.10.25"]
[SourceVersion "1"]
[SourceVersionDate "2016.10.25"]
[SourceQuality "1"]
[WhiteTeam "Villach Admira"]
[BlackTeam "Gleisdorf"]
[WhiteTeamCountry "AUT"]
[BlackTeamCountry "AUT"]

1. Nf3 d5 2. g3 Nc6 3. d4 Bg4 4. Bg2 Qd7 5. 0-0 0-0-0 6. c3 f6 7. b4 e5 8. b5 Nb8 9. dxe5 Qxb5 10. exf6 Nxf6 11. Be3 Bc5 12. Bxc5 Qxc5 13. Ne5 Bh5 14. Bf3 Nbd7 15. Nd3 Qe7 16. Re1 Kb8 17. Nd2 Ne4 18. Qc1 Nb6 19. a4 a5 20. Nb3 Nc4 21. Nb2 Qf6 22. Nd1 Rde8 23. Bg2 Rhf8 24. f3 Ned6 25. Nc5 Re7 26. Kh1 b6 27. Nd3 Rfe8 28. Ra2 g5 29. N3f2 h6 30. Nd3 Bf7 31. N3f2 Bg6 32. Ng4 Qg7 33. Ngf2 Bh7 34. Kg1 Qf7 35. Kh1 Nb7 36. f4 Qg8 37. g4 Nc5 38. f5 Re5 39. Bf3 h5 40. h3 h4 41. Nb2 Re3 42. Kg2 Qg7 43. Nxc4 dxc4 44. Rd1 Qe5 45. Rd5 Qg3+ 46. Kf1 Rxf3 47. exf3 Nd3 48. Rxd3 cxd3 49. Qd1 Bg8 50. Rd2 Bb3 51. Qb1 Bc4 52. Rxd3 Re3 53. Qc1 Rxd3 54. Nxd3 Bxd3# 0-1

[Event "AUT-chT2M 1516"]
[Site "Austria"]
[Date "2015.10.02"]
[Round "1.5"]
[White "Kuba, Guenter"]
[Black "Frank, Paul"]
[Result "1/2-1/2"]
[WhiteElo "2370"]
[BlackElo "2223"]
[PlyCount "61"]
[EventDate "2015.10.02"]
[EventType "team-tourn"]
[EventRounds "11"]
[EventCountry "AUT"]
[SourceTitle "CBM 168 Extra"]
[Source "ChessBase"]
[SourceDate "2015.10.29"]
[SourceVersion "1"]
[SourceVersionDate "2015.10.29"]
[SourceQuality "1"]
[WhiteTeam "Fuerstenfeld/Hartberg"]
[BlackTeam "Villach Admira"]
[WhiteTeamCountry "AUT"]
[BlackTeamCountry "AUT"]

1. e4 c5 2. Nf3 Nc6 3. Bb5 g6 4. Bxc6 bxc6 5. 0-0 Bg7 6. c3 Nh6 7. d4 Qb6 8. h3 f6 9. b3 0-0 10. Ba3 cxd4 11. cxd4 d6 12. Nc3 Nf7 13. Re1 Qa5 14. Bb2 Ng5 15. d5 Nxf3+ 16. Qxf3 c5 17. Ne2 Bd7 18. h4 Rac8 19. Rec1 Rc7 20. h5 Qd2 21. Bc3 Qg5 22. hxg6 hxg6 23. Rc2 Rb7 24. Bd2 Qg4 25. Qxg4 Bxg4 26. f3 Bd7 27. Nf4 Kf7 28. Nd3 Bb5 29. Nb2 Rh8 30. Rd1 Rbb8 31. Nc4 1/2-1/2